The Federal Democratic Republic of Ethiopia : Technical Assistance Report-Financial Soundness Indicators Mission.

The International Monetary Fund's (IMF's) Statistics Department (STA) provided technical assistance (TA) on financial soundness indicators (FSI) to the National Bank of Ethiopia (NBE) during June 15-July 10, 2020. The TA mission took place in response to a request from the authorities, wit...

Volledige beschrijving

Bibliografische gegevens
Coauteur: International Monetary Fund. Statistics Dept
Formaat: Tijdschrift
Taal:English
Gepubliceerd in: Washington, D.C. : International Monetary Fund, 2020.
Reeks:IMF Staff Country Reports; Country Report ; No. 2020/323
Online toegang:Full text available on IMF
LEADER 02256cas a2200241 a 4500
001 AALejournalIMF021433
008 230101c9999 xx r poo 0 0eng d
020 |c 5.00 USD 
020 |z 9781513564876 
022 |a 1934-7685 
040 |a BD-DhAAL  |c BD-DhAAL 
110 2 |a International Monetary Fund.  |b Statistics Dept. 
245 1 4 |a The Federal Democratic Republic of Ethiopia :   |b Technical Assistance Report-Financial Soundness Indicators Mission. 
264 1 |a Washington, D.C. :  |b International Monetary Fund,  |c 2020. 
300 |a 1 online resource (38 pages) 
490 1 |a IMF Staff Country Reports 
500 |a <strong>Off-Campus Access:</strong> No User ID or Password Required 
500 |a <strong>On-Campus Access:</strong> No User ID or Password Required 
506 |a Electronic access restricted to authorized BRAC University faculty, staff and students 
520 3 |a The International Monetary Fund's (IMF's) Statistics Department (STA) provided technical assistance (TA) on financial soundness indicators (FSI) to the National Bank of Ethiopia (NBE) during June 15-July 10, 2020. The TA mission took place in response to a request from the authorities, with the support of the IMF's African Department (AFR). Due to the COVID-19 pandemic and travel restrictions, the mission was conducted remotely via video conferences. The mission worked with the staff of the NBE on the development of FSIs that are in line with the IMF's 2019 FSI Guide.1 The main objectives of the mission were to: (i) review the source data, institutional coverage, and accounting and regulatory frameworks supporting the compilation of FSIs; (ii) provide guidance for mapping source data for the banking sector to the FSI reporting templates FS2 and FSD as well as preparing the metadata; and (iii) agree with the authorities on the timeline to begin regular reporting of the FSIs for deposit-takers to STA. The mission also provided technical assistance to the NBE on the compilation of net open positions in foreign currencies. 
538 |a Mode of access: Internet 
830 0 |a IMF Staff Country Reports; Country Report ;  |v No. 2020/323 
856 4 0 |z Full text available on IMF  |u http://elibrary.imf.org/view/journals/002/2020/323/002.2020.issue-323-en.xml  |z IMF e-Library